| Tag |
First Indicator |
Second Indicator |
Subfields |
| LEADER |
00000cam a2200000 a 4500 |
| 001 |
in00000960708 |
| 005 |
20150926134037.0 |
| 007 |
hd afv|||baca |
| 007 |
hz bfv|||baaa |
| 008 |
830711s1643 miu a 00010 eng d |
| 035 |
|
|
|a (OCoLC)09692068
|
| 035 |
|
|
|9 AEU1215AM
|
| 037 |
|
|
|a CL0037000046
|b University Microfilms International
|
| 037 |
|
|
|b University Microfilms International, 300 N. Zeeb Rd., Ann Arbor, MI 48106
|
| 040 |
|
|
|a UMI
|c UMI
|d m/c
|d EAA
|d UtOrBLW
|
| 043 |
|
|
|a e-uk---
|
| 045 |
2 |
|
|b d1642
|b d1649
|
| 049 |
|
|
|a TXAI
|
| 090 |
|
|
|a DA412 1643
|b .T78
|
| 099 |
|
|
|a film
|a B
|a 3609
|
| 100 |
0 |
|
|a True loyall subject and lover of the Parliament.
|
| 245 |
1 |
4 |
|a The anti-covenant, or, A sad complaint concerning the new oath or covenant :
|b presented in a letter to a deare and intimate friend, with earnest request for his advice and prayers /
|c by a true loyall subject and lover of the Parliament.
|
| 264 |
|
1 |
|a [Oxford] :
|b [publisher not identified],
|c 1643.
|
| 300 |
|
|
|a 50 pages
|
| 336 |
|
|
|a text
|b txt
|2 rdacontent
|
| 337 |
|
|
|a microform
|b h
|2 rdamedia
|
| 338 |
|
|
|a microfilm reel
|b hd
|2 rdacarrier
|
| 500 |
|
|
|a Reproduction of original in the Harvard University Library.
|
| 510 |
4 |
|
|a Wing
|c A3490.
|
| 533 |
|
|
|a Microfilm.
|b Ann Arbor, Mich. :
|c University Microfilms International,
|d 1983.
|e 1 microfilm reel ; 35 mm.
|f (Early English books, 1641-1700 ; 1348:7)
|
| 500 |
|
|
|a Microform.
|
| 651 |
|
0 |
|a Great Britain
|x History
|y Civil War, 1642-1649.
|
| 630 |
0 |
0 |
|a Solemn League and Covenant
|d (1643)
|
| 740 |
0 |
2 |
|a Anti-covenant.
|
| 740 |
0 |
2 |
|a Sad complaint concerning the new oath or covenant.
|
| 830 |
|
0 |
|a Early English books, 1641-1700 ;
|v 1348:7.
|
| 999 |
|
|
|a MARS
|
| 999 |
f |
f |
|s e342da48-b93a-319c-8ad5-72ee36eca17e
|i 4dbe234c-974d-30a9-93a0-3ccd80dcfa64
|t 0
|
| 952 |
f |
f |
|p default
|a Texas A&M University
|b College Station
|c Sterling C. Evans Library
|d Evans: Microforms (3rd floor)
|t 0
|e film B 3609 1348:7
|h Other scheme
|i microform -- microfilm reel
|
| 998 |
f |
f |
|a film B 3609 1348:7
|t 0
|l Evans: Microforms (3rd floor)
|